[Event "It (open)"]
[Site "masterchessopen.com Voronezh (Russia)"]
[Date "2008.06.21"]
[Round "9"]
[White "Khruschiov Alexey (MDA)"]
[Black "Smirnov Alexey (RUS)"]
[Result "1-0"]
[WhiteElo "2499"]
[BlackElo "2405"]

1.e4 c5 2.Nf3 d6 3.d4 cxd4 4.Nxd4 Nf6 5.Nc3 Nc6 6.Bg5 e6 7.Qd2 Be7 8.O-O-O
Nxd4 9.Qxd4 a6 10.f3 b5 11.Kb1 Bb7 12.h4 Rc8 13.Qd2 b4 14.Ne2 d5 15.e5 Nd7
16.f4 f6 17.exf6 gxf6 18.Bh6 Qb6 19.Nd4 Nc5 20.Bd3 Na4 21.Rde1 Nc3+ 22.Ka1 Ne4
23.Qd1 Nf2 24.Qh5+ Kd7 25.Rxe6 Qxd4 26.Bf5 Kd8 27.Rhe1 Rc7 28.Bg7 Qxf4 29.Bxh8
Bc8 30.Rxf6 Ne4 31.Bxe4 Bxf6 32.Qxd5+ Rd7 33.Qa5+ {#r} 1-0

[Event "Ch Turkey (team)"]
[Site "masterchessopen.com Kocaeli (Turkey)"]
[Date "2008.06.24"]
[Round "1"]
[White "Reyhan Dogan (TUR)"]
[Black "Arutinian David (GEO)"]
[Result "0-1"]
[WhiteElo "2234"]
[BlackElo "2584"]

1.e4 c5 2.Nf3 Nc6 3.d4 cxd4 4.Nxd4 Nf6 5.Nc3 d6 6.Bg5 e6 7.Qd2 Qb6 8.Nb3 Be7
9.Bd3 O-O 10.O-O a6 11.Kh1 Qc7 12.f4 h6 13.e5 dxe5 14.fxe5 Nxe5 15.Bxh6 Nxd3
16.cxd3 gxh6 17.Qxh6 Ng4 18.Qh5 f5 19.Rf3 Kg7 20.Rg3 {#R} 0-1

[Event "Memorial Karl Mala (open)"]
[Site "masterchessopen.com Frankfurt (Germany)"]
[Date "2008.06.27"]
[Round "3"]
[White "Kritz Leonid (GER)"]
[Black "Armbrust Matthias (GER)"]
[Result "1-0"]
[WhiteElo "2592"]
[BlackElo "1842"]

1.e4 c5 2.Nf3 d6 3.d4 cxd4 4.Nxd4 Nf6 5.Nc3 Nc6 6.Bg5 e6 7.Qd2 Be7 8.O-O-O
Nxd4 9.Qxd4 O-O 10.f3 Qa5 11.h4 a6 12.Kb1 b5 13.Qd2 b4 14.Ne2 Rd8 15.Nd4 Qc5
16.g4 Bb7 17.Be3 Qc7 18.g5 Nd7 19.g6 d5 20.gxf7+ Kxf7 21.Bh3 Nc5 22.e5 Bc8
23.Bg5 Re8 24.Rhg1 Bxg5 25.Rxg5 Qe7 26.Rdg1 Rg8 27.Nc6 Qc7 28.Qxb4 Qxc6
29.Qf4+ Ke8 30.Rxg7 Rxg7 31.Rxg7 Nd7 32.Rg8+ Ke7 33.Qg5+ {#r} 1-0

[Event "Ch Sweden (juniors)"]
[Site "masterchessopen.com Vaxjo (Sweden)"]
[Date "2008.07.04"]
[Round "7"]
[White "Lundberg David (SWE)"]
[Black "Rouhani Arash (SWE)"]
[Result "0-1"]
[WhiteElo "2074"]
[BlackElo "1992"]

1.e4 c5 2.Nf3 d6 3.d4 cxd4 4.Nxd4 Nf6 5.Nc3 Nc6 6.Bg5 e6 7.Qd2 Be7 8.O-O-O O-O
9.f3 Nxd4 10.Qxd4 a6 11.g4 Qa5 12.Be3 b5 13.Kb1 Nd7 14.Qd2 b4 15.Ne2 Bb7
16.Nf4 Ne5 17.Be2 Rac8 18.h4 Nc4 19.Bxc4 Rxc4 20.g5 Rfc8 21.Rc1 d5 22.exd5 e5
23.Nd3 Qxd5 24.h5 a5 25.g6 Bf6 26.Bg5 e4 27.Bxf6 exd3 28.gxh7+ Kxh7 29.h6 gxf6
30.Qg2 Qg5 31.Qh3 Rxc2 32.Rcg1 d2 {#R} 0-1

[Event "It (open) \"]
[Site "masterchessopen.com Minsk (Belarus)"]
[Date "2008.07.15"]
[Round "6"]
[White "Kolesnik Eduard (BLR)"]
[Black "Ulko Jaroslav (RUS)"]
[Result "0-1"]
[WhiteElo "2359"]
[BlackElo "2481"]

1.e4 c5 2.Nf3 d6 3.d4 cxd4 4.Nxd4 Nf6 5.Nc3 Nc6 6.Bg5 e6 7.Qd2 Be7 8.O-O-O
Nxd4 9.Qxd4 a6 10.f3 O-O 11.Kb1 b5 12.Be3 Bb7 13.Be2 Bc6 14.g4 Nd7 15.g5 Qb8
16.Rdg1 b4 17.Nd1 d5 18.exd5 Bxd5 19.h4 Rc8 20.h5 Qe5 21.Qd2 Qd6 22.Nf2 Nf8
23.Rc1 Rd8 24.b3 e5 25.Rh3 Qe6 26.Bd3 e4 27.fxe4 Bxe4 28.Bf4 Bxd3 29.Rxd3 Rxd3
30.Qxd3 Rd8 31.Qf3 Bc5 32.Rf1 Qd5 33.Qxd5 Rxd5 {#R} 0-1

[Event "Tournament (open)"]
[Site "masterchessopen.com Kaunas (Lithuania)"]
[Date "2008.07.28"]
[Round "5"]
[White "Narmontas Tauras (LTU)"]
[Black "Alekberovas Anaras (LTU)"]
[Result "1-0"]
[WhiteElo "2279"]
[BlackElo "2097"]

1.e4 c5 2.Nf3 Nc6 3.Nc3 d6 4.d4 cxd4 5.Nxd4 Nf6 6.Bg5 e6 7.Qd2 Be7 8.O-O-O O-O
9.f3 a6 10.g4 Qc7 11.h4 b5 12.Nxc6 Qxc6 13.h5 Rd8 14.h6 g6 15.Qe1 Nd5 16.Bh4
Nxc3 17.Bxe7 Rd7 18.Qh4 Nxe4 19.fxe4 Qxe4 20.Bg2 Qf4+ 21.Kb1 Raa7 22.Bxd6 Rxd6
23.Qd8+ {#r} 1-0

[Event "Tournament \"]
[Site "masterchessopen.com Maralsay (Kazakhstan)"]
[Date "2008.08.19"]
[Round "3"]
[White "Aitbayev Asiam (KAZ)"]
[Black "Ivanilov Maxim (KAZ)"]
[Result "1-0"]
[WhiteElo "2296"]
[BlackElo "2158"]

1.e4 c5 2.Nf3 d6 3.d4 cxd4 4.Nxd4 Nf6 5.Nc3 Nc6 6.Bg5 e6 7.Qd2 Qb6 8.Nb3 Be7
9.O-O-O O-O 10.f3 Rd8 11.Nb5 Rd7 12.Qe1 a6 13.Be3 Qd8 14.N5d4 Qc7 15.Kb1 Ne5
16.g4 b5 17.h4 Bb7 18.Bh3 Rc8 19.Rc1 Kh8 20.h5 Nxf3 21.Nxf3 Bxe4 22.Qe2 a5
23.Rhf1 a4 24.Nbd4 a3 25.Nxb5 Qb8 26.Nxa3 Rb7 27.Ka1 Rxb2 28.Bd4 Rb7 29.g5
Nxh5 30.Qxe4 Ng3 31.Qh4 Nxf1 32.Rxf1 Kg8 33.Rh1 Qa8 {#r} 1-0

[Event "It (open) \"]
[Site "masterchessopen.com Belgrade (Serbia)"]
[Date "2008.08.20"]
[Round "4"]
[White "Nestorovic Lazar (SRB)"]
[Black "Milenkovic Aleksandar (SRB)"]
[Result "1-0"]
[WhiteElo "2245"]
[BlackElo "1872"]

1.e4 c5 2.Nf3 Nc6 3.d4 cxd4 4.Nxd4 Nf6 5.Nc3 d6 6.Bg5 e6 7.Qd2 h6 8.Bh4 Nxe4
9.Qf4 Nf6 10.Qd2 d5 11.O-O-O Bb4 12.a3 Ba5 13.Nb3 Bd7 14.Nxa5 Qxa5 15.Bxf6
gxf6 16.Qf4 Ke7 17.Ne4 f5 18.Qd6+ Kd8 19.Nc5 Qc7 20.Rxd5 exd5 21.Qf6+ Ne7
22.Qxh8+ Be8 23.Bb5 Qf4+ 24.Kb1 Kc7 25.Bxe8 Qxf2 26.Qe5+ {#r} 1-0

[Event "It (open) \"]
[Site "masterchessopen.com Coulsdon (England)"]
[Date "2008.08.24"]
[Round "9"]
[White "Josse Mark (ENG)"]
[Black "Osborne Marcus E (ENG)"]
[Result "1-0"]
[WhiteElo "2010"]
[BlackElo "2199"]

1.e4 c5 2.Nf3 Nc6 3.d4 cxd4 4.Nxd4 Nf6 5.Nc3 d6 6.Bg5 e6 7.Qd2 Be7 8.O-O-O O-O
9.f3 Nxd4 10.Qxd4 a6 11.Kb1 b5 12.h4 Qc7 13.Qd2 b4 14.Ne2 Rd8 15.g4 d5 16.e5
Ne8 17.Bxe7 Qxe7 18.Nd4 Bd7 19.g5 Nc7 20.f4 Nb5 21.h5 Qc5 22.Nb3 Qa7 23.g6
fxg6 24.hxg6 hxg6 25.Bd3 Be8 26.Qg2 Kf8 27.Qg5 Kg8 28.Rh2 Nd4 29.Nxd4 {#r} 1-0

[Event "It (open)"]
[Site "masterchessopen.com Havirov (Czech Republic)"]
[Date "2008.08.24"]
[Round "1"]
[White "Talla Vladimir (CZE)"]
[Black "Podlesny Petr (CZE)"]
[Result "1-0"]
[WhiteElo "2394"]
[BlackElo "1947"]

1.e4 c5 2.Nf3 Nc6 3.d4 cxd4 4.Nxd4 Nf6 5.Nc3 d6 6.Bg5 e6 7.Qd2 Be7 8.O-O-O Bd7
9.Ndb5 d5 10.Bxf6 Bxf6 11.exd5 Ne5 12.Nd6+ Kf8 13.Nde4 Rc8 14.f4 Ng6 15.g3 h5
16.Bh3 e5 17.Bxd7 Qxd7 18.Nxf6 gxf6 19.fxe5 fxe5 20.Rhf1 Qg4 21.Qf2 Rh7
22.Qxa7 f5 23.Kb1 h4 24.Qb6 hxg3 25.Qe6 {#r} 1-0

[Event "It (open) (b)"]
[Site "masterchessopen.com Rewal (Poland)"]
[Date "2008.08.28"]
[Round "9"]
[White "Borowiak Aleksander (POL)"]
[Black "Delekta Anna (POL)"]
[Result "1-0"]
[WhiteElo "1887"]
[BlackElo "1709"]

1.e4 c5 2.Nf3 Nc6 3.d4 cxd4 4.Nxd4 Nf6 5.Nc3 d6 6.Bg5 e6 7.Qd2 Be7 8.f3 a6
9.O-O-O d5 10.exd5 Nxd5 11.Bxe7 Ncxe7 12.Kb1 Nxc3+ 13.Qxc3 e5 14.Bb5+ axb5
15.Nxb5 Bd7 16.Nc7+ Kf8 17.Nxa8 Nc6 18.Qc5+ Qe7 19.Qxe7+ Kxe7 20.Nb6 Be6
21.Nd5+ Kf8 22.Rhe1 f6 23.Nb4 Nd4 24.Rxd4 Bxa2+ 25.Kxa2 exd4 26.Kb3 Kf7 27.Kc4
Rd8 28.Kd3 f5 29.Re5 g6 30.Rd5 Re8 31.Kd2 {#r} 1-0

[Event "Ch Spain (team) (Honor gr.2)"]
[Site "masterchessopen.com Sabadell (Spain)"]
[Date "2008.09.04"]
[Round "2"]
[White "Almasi Zoltan (HUN)"]
[Black "Jerez Perez Alfonso (ESP)"]
[Result "1-0"]
[WhiteElo "2663"]
[BlackElo "2414"]

1.e4 c5 2.Nf3 d6 3.d4 cxd4 4.Nxd4 Nf6 5.Nc3 Nc6 6.Bg5 e6 7.Qd2 Be7 8.O-O-O
Nxd4 9.Qxd4 O-O 10.f3 Bd7 11.h4 Bc6 12.Kb1 Qa5 13.Qd2 b6 14.Bd3 Rfd8 15.Qe1
Bb7 16.g4 Ba6 17.Bxa6 Qxa6 18.h5 h6 19.Bh4 Qa5 20.Rg1 Rac8 21.g5 hxg5 22.Bxg5
Rxc3 23.Bd2 Qxh5 24.Bxc3 e5 25.Qg3 Qh8 26.Rh1 Nh5 27.Qg4 g6 28.f4 Bf6 29.fxe5
dxe5 30.Rxd8+ Bxd8 31.Qd7 {#r} 1-0

[Event "Ch Europe (juniors) (under 18)"]
[Site "masterchessopen.com Herceg Novi (Montenegro)"]
[Date "2008.09.22"]
[Round "7"]
[White "Panocki Adrian (POL)"]
[Black "Recuero Guerra David (ESP)"]
[Result "0-1"]
[WhiteElo "2381"]
[BlackElo "2425"]

1.e4 c5 2.Nf3 d6 3.d4 cxd4 4.Nxd4 Nf6 5.Nc3 Nc6 6.Bg5 e6 7.Qd2 Be7 8.O-O-O O-O
9.f3 Nxd4 10.Qxd4 a6 11.h4 b5 12.g4 Bb7 13.Be3 Qa5 14.g5 Nd7 15.Kb1 Rac8 16.f4
b4 17.Ne2 Qc7 18.Rd2 a5 19.Rh3 Nc5 20.Rd1 Bxe4 21.Rc1 Bf5 22.Ng3 Bxh3 23.Bxh3
Rfe8 24.f5 Bf8 25.f6 Na4 26.Bf1 {#R} 0-1

[Event "Ch Europe (juniors) (under 18)"]
[Site "masterchessopen.com Herceg Novi (Montenegro)"]
[Date "2008.09.24"]
[Round "9"]
[White "Chirila Ioan Cristian (ROM)"]
[Black "Recuero Guerra David (ESP)"]
[Result "0-1"]
[WhiteElo "2462"]
[BlackElo "2425"]

1.e4 c5 2.Nf3 d6 3.d4 cxd4 4.Nxd4 Nf6 5.Nc3 Nc6 6.Bg5 e6 7.Qd2 Be7 8.O-O-O O-O
9.f3 Nxd4 10.Qxd4 a6 11.h4 b5 12.Kb1 Bb7 13.Qd2 Qc7 14.Bd3 Rac8 15.Ne2 d5
16.e5 Ne4 17.Qe3 Bc5 18.Nd4 Qb6 19.Bxe4 dxe4 20.Bf6 gxf6 21.Qh6 Bxd4 22.Rxd4
Rxc2 23.exf6 Rxg2 24.Rhd1 Qc5 25.R4d2 Rg6 26.Qf4 e3 {#R} 0-1

[Event "Ch Commonwealth"]
[Site "masterchessopen.com Nagpur (India)"]
[Date "2008.09.30"]
[Round "3"]
[White "Ramnath Bhuvanesh (IND)"]
[Black "Nihal Manjunath (IND)"]
[Result "1-0"]
[WhiteElo "2283"]
[BlackElo "1943"]

1.e4 c5 2.Nf3 d6 3.d4 cxd4 4.Nxd4 Nf6 5.Nc3 Nc6 6.Bg5 e6 7.Qd2 Be7 8.O-O-O O-O
9.f3 a6 10.h4 Nxd4 11.Qxd4 Qc7 12.Qd2 Rd8 13.Bd3 b5 14.Ne2 Bb7 15.Nd4 Re8
16.Kb1 e5 17.Nf5 d5 18.Qe2 h6 19.Bxf6 Bxf6 20.g4 Be7 21.Rdg1 Bc5 22.Rg2 dxe4
23.fxe4 Bd4 24.g5 Bxb2 25.gxh6 Qc3 26.Rxg7+ Kh8 27.Qg4 Rg8 28.h7 Rgf8 29.Rg8+
Rxg8 30.hxg8=Q+ Rxg8 31.Qh5# 1-0

[Event "World Mindsports Games (Blitz Team)"]
[Site "masterchessopen.com Beijing (China)"]
[Date "2008.10.13"]
[Round "7"]
[White "Malachi Avraham (ISR)"]
[Black "Iwasaki Yudai (JPN)"]
[Result "1-0"]
[WhiteElo "2195"]
[BlackElo "2110"]

1.e4 c5 2.Nf3 d6 3.d4 cxd4 4.Nxd4 Nf6 5.Nc3 Nc6 6.Bg5 e6 7.Qd2 Be7 8.Bxf6 Bxf6
9.Ndb5 Be7 10.O-O-O O-O 11.Nxd6 Qa5 12.f4 e5 13.Nc4 Qc5 14.Nd5 Bg4 15.Be2 Bxe2
16.Qxe2 exf4 17.Nxe7+ Qxe7 18.Rhe1 Rad8 19.Rd5 Nb4 20.Rxd8 Rxd8 21.a3 Nc6
22.e5 b5 23.Nd6 Nxe5 24.Qxe5 Qxd6 25.Qxd6 {#r} 1-0

[Event "Ch World (juniors) (under 14) (g)"]
[Site "masterchessopen.com Vung Tau (Vietnam)"]
[Date "2008.10.28"]
[Round "9"]
[White "Neuhauser Salome (FRA)"]
[Black "Jalabadze Natia (GEO)"]
[Result "0-1"]
[WhiteElo "1899"]
[BlackElo "2023"]

1.e4 c5 2.Nf3 d6 3.d4 cxd4 4.Nxd4 Nf6 5.Nc3 Nc6 6.Bg5 e6 7.Qd2 Be7 8.O-O-O O-O
9.f3 a6 10.g4 Qc7 11.Nb3 Rd8 12.Bxf6 Bxf6 13.g5 Be7 14.f4 b5 15.h4 b4 16.Ne2
a5 17.Nbd4 Nxd4 18.Nxd4 a4 19.f5 b3 20.a3 d5 21.Bg2 dxe4 22.Bxe4 Bb7 23.Qg2
Qf4+ {#R} 0-1

[Event "Ch PriFO (juniors) (under 18)"]
[Site "masterchessopen.com Penza (Russia)"]
[Date "2008.11.08"]
[Round "6"]
[White "Kahramanov Bahtijar (RUS)"]
[Black "Vanifatov Yury (RUS)"]
[Result "0-1"]
[WhiteElo "2021"]
[BlackElo "2098"]

1.e4 c5 2.Nf3 d6 3.d4 cxd4 4.Nxd4 Nf6 5.Nc3 Nc6 6.Bg5 e6 7.Qd2 Be7 8.O-O-O O-O
9.h4 Nxd4 10.Qxd4 Qa5 11.Bc4 Bd7 12.f3 Rfc8 13.Bb3 b5 14.Kb1 b4 15.Ne2 Qb5
16.c4 Qb7 17.Qd3 a5 18.e5 a4 19.exf6 axb3 20.fxe7 Rxa2 21.Nc1 Qa6 22.Nxa2
Qxa2+ 23.Kc1 d5 24.Qb1 Rxc4+ 25.Kd2 Rc2+ 26.Ke3 Qa7+ 27.Kf4 e5+ 28.Kxe5 Qc7+
29.Kxd5 Bc6+ 30.Kd4 Qd6+ 31.Ke3 Qe5+ 32.Kd3 Bb5# 0-1

[Event "NRW-liga 2008/09"]
[Site "masterchessopen.com Germany"]
[Date "2008.11.09"]
[Round "3"]
[White "Berelovich Aleksandar (GER)"]
[Black "Hoolt Sarah (GER)"]
[Result "1-0"]
[WhiteElo "2596"]
[BlackElo "2274"]

1.e4 c5 2.Nf3 Nc6 3.d4 cxd4 4.Nxd4 Nf6 5.Nc3 d6 6.Bg5 e6 7.Qd2 Qb6 8.Bxf6 gxf6
9.Nb3 Bd7 10.O-O-O O-O-O 11.Kb1 Rg8 12.f4 Na5 13.g3 Nxb3 14.cxb3 Bc6 15.Bh3
Kb8 16.f5 e5 17.Bf1 Qb4 18.Bc4 Rd7 19.a3 Qc5 20.Bd5 Rg5 21.b4 Qb6 22.Bxc6 bxc6
23.b5 Be7 24.bxc6 Qxc6 25.Nd5 Bd8 26.Rc1 Qa6 27.Rc3 Rg4 28.Rhc1 Rxe4 29.Rc8+
Kb7 30.Rxd8 Rxd8 31.Qc2 {#r} 1-0

[Event "Ch Mediterranean"]
[Site "masterchessopen.com Antalya (Turkey)"]
[Date "2009.01.11"]
[Round "2"]
[White "Erdogdu Mert (TUR)"]
[Black "Todorovic Jovan (SRB)"]
[Result "1-0"]
[WhiteElo "2463"]
[BlackElo "2392"]

1.e4 c5 2.Nf3 d6 3.d4 cxd4 4.Nxd4 Nf6 5.Nc3 Nc6 6.Bg5 e6 7.Qd2 Be7 8.O-O-O O-O
9.f3 Nxd4 10.Qxd4 a6 11.h4 b5 12.Kb1 Qc7 13.Qd2 Rd8 14.Bd3 b4 15.Ne2 a5 16.g4
e5 17.Ng3 a4 18.Be3 Be6 19.g5 Nd7 20.Nf5 Bf8 21.h5 Nc5 22.g6 fxg6 23.hxg6 hxg6
24.Qg2 gxf5 25.Qg6 Re8 26.Bxc5 Qxc5 27.exf5 Bxa2+ 28.Kc1 Qe3+ 29.Rd2 Be7 30.f6
{#r} 1-0

[Event "It (open)"]
[Site "masterchessopen.com Queenstown (New Zealand)"]
[Date "2009.01.23"]
[Round "9"]
[White "Oliver Shannon (AUS)"]
[Black "Voon Richard (AUS)"]
[Result "0-1"]
[WhiteElo "1926"]
[BlackElo "1967"]

1.e4 c5 2.Nf3 d6 3.d4 cxd4 4.Nxd4 Nf6 5.Nc3 Nc6 6.Bg5 e6 7.Qd2 Be7 8.O-O-O a6
9.f3 O-O 10.h4 Nxd4 11.Qxd4 Qa5 12.Be3 b5 13.Qb6 Qxb6 14.Bxb6 Bb7 15.g4 Rfc8
16.Bg2 Rc6 17.Be3 Rac8 18.Rd2 Nd7 19.Nd1 Nb6 20.b3 d5 21.Bd4 Bc5 22.Bxc5 Rxc5
23.e5 d4 24.f4 Bxg2 25.Rxg2 Nd5 26.Rf1 Nb4 27.Kb1 Nxc2 28.Rff2 Na3+ 29.Kb2 b4
30.Ne3 dxe3 31.Rf1 Rc2+ 32.Rxc2 Rxc2+ 33.Ka1 e2 {#R} 0-1

[Event "Memorial A.Sonnenfeld (cat.2)"]
[Site "masterchessopen.com Praca Seca (Brazil)"]
[Date "2009.02.09"]
[Round "9"]
[White "Guimaraes Wagner P (BRA)"]
[Black "Silva Celso Renato Rodrigues Da (BRA)"]
[Result "1-0"]
[WhiteElo "2291"]
[BlackElo "2094"]

1.e4 c5 2.Nf3 Nc6 3.d4 cxd4 4.Nxd4 d6 5.Nc3 Nf6 6.Bg5 e6 7.Qd2 h6 8.Bxf6 Qxf6
9.Ndb5 Qd8 10.O-O-O Be7 11.Nxd6+ Kf8 12.f4 a6 13.e5 b5 14.Nce4 Qb6 15.Be2 a5
16.Bf3 Rb8 17.Qc3 Nb4 18.Kb1 Nd5 19.Rxd5 exd5 20.Nxc8 Qd8 21.Ned6 b4 22.Qc6 g6
23.Rd1 Kg7 24.Qxd5 Rf8 25.f5 f6 26.Nxe7 Qxe7 27.Qe6 Qc7 28.Ne8+ Rbxe8 29.Rd7+
Qxd7 {#r} 1-0

[Event "Ch Czech Republic (juniors) (under 16)"]
[Site "masterchessopen.com Kouty nad Desnou (Czech Republic)"]
[Date "2009.03.08"]
[Round "2"]
[White "Rabatin Jakub (CZE)"]
[Black "Nguyen Dinh Phong"]
[Result "1-0"]
[WhiteElo "2175"]
[BlackElo "2040"]

1.e4 c5 2.Nf3 Nc6 3.d4 cxd4 4.Nxd4 Nf6 5.Nc3 d6 6.Bg5 e6 7.Qd2 Be7 8.O-O-O O-O
9.f3 Nxd4 10.Qxd4 a6 11.h4 b5 12.Kb1 Bb7 13.Qd2 Rc8 14.Bd3 e5 15.g4 b4 16.Nd5
Nxd5 17.exd5 Rc5 18.Be4 a5 19.Be3 Rc8 20.Qd3 h6 21.g5 h5 22.g6 f5 23.Bxf5 Rxf5
24.Qxf5 Qc7 25.Qxh5 Qxc2+ 26.Ka1 Bf6 27.Rc1 Qg2 28.Rxc8+ Bxc8 29.Rc1 Bd7
30.Qh7+ Kf8 31.Qh8+ Ke7 32.Bg5 e4 33.Qxg7+ {#r} 1-0

[Event "It \"]
[Site "masterchessopen.com Belgrade (Serbia)"]
[Date "2009.03.22"]
[Round "2"]
[White "Nadj Hedjesi Balind (SRB)"]
[Black "Ugrenovic Bozidar (SRB)"]
[Result "1-0"]
[WhiteElo "2463"]
[BlackElo "2094"]

1.e4 c5 2.Nf3 d6 3.d4 cxd4 4.Nxd4 Nf6 5.Nc3 Nc6 6.Bg5 e6 7.Qd2 Be7 8.f3 Nxd4
9.Qxd4 O-O 10.O-O-O Qa5 11.h4 Bd7 12.Bd2 Qc5 13.Qxc5 dxc5 14.Bg5 Rfd8 15.e5
Nd5 16.Nxd5 Bxg5+ 17.hxg5 exd5 18.Rxd5 b6 19.Bc4 Bc6 20.Rxd8+ Rxd8 21.e6 fxe6
22.Bxe6+ Kh8 {#r} 1-0

[Event "Ch Moscow (1/2 final)"]
[Site "masterchessopen.com Moscow (Russia)"]
[Date "2009.03.26"]
[Round "6"]
[White "Iljiushenok Ilia (RUS)"]
[Black "Konovalov Nikolay (RUS)"]
[Result "0-1"]
[WhiteElo "2426"]
[BlackElo "2445"]

1.e4 c5 2.Nf3 Nc6 3.Nc3 d6 4.d4 cxd4 5.Nxd4 Nf6 6.Bg5 e6 7.Qd2 Qb6 8.Nxc6 bxc6
9.Bd3 Qxb2 10.O-O Be7 11.f4 Qb4 12.Kh1 h6 13.Bh4 g5 14.fxg5 Ng4 15.h3 Ne5
16.Rab1 Qa5 17.Rb3 Nxd3 18.cxd3 hxg5 19.Be1 g4 20.Qf2 Qh5 21.d4 Ba6 22.Rg1
gxh3 23.g3 f5 24.e5 dxe5 25.dxe5 Qg4 26.Kh2 Kf7 27.Bd2 Rhd8 28.Bf4 Rd3 29.Re1
Rf3 30.Qg1 Bc4 {#R} 0-1

[Event "Ch Croatia (team) (3rd league)"]
[Site "masterchessopen.com Zagreb (Croatia)"]
[Date "2009.04.05"]
[Round "4"]
[White "Jankovic Mirko (CRO)"]
[Black "Sliepcevic Mladen (CRO)"]
[Result "0-1"]
[WhiteElo "2065"]
[BlackElo "2216"]

1.e4 c5 2.Nf3 d6 3.d4 cxd4 4.Nxd4 Nf6 5.Nc3 Nc6 6.Bg5 e6 7.Qd2 Be7 8.O-O-O O-O
9.f3 Nxd4 10.Qxd4 Qa5 11.Qd2 b5 12.Kb1 b4 13.Bxf6 Bxf6 14.Ne2 Ba6 15.Nd4 Bxf1
16.Rhxf1 Rfc8 17.Qd3 Rab8 18.f4 Rb6 19.Rf2 Ra6 20.Qb3 Rb6 21.Qd3 Rc3 22.bxc3
bxc3+ 23.Ka1 Qa3 {#R} 0-1

[Event "It \"]
[Site "masterchessopen.com Lvov (Ukraine)"]
[Date "2009.04.12"]
[Round "2"]
[White "Stets Dmitry (UKR)"]
[Black "Vovk Yuri (UKR)"]
[Result "0-1"]
[WhiteElo "2427"]
[BlackElo "2567"]

1.e4 c5 2.Nf3 d6 3.d4 cxd4 4.Nxd4 Nf6 5.Nc3 Nc6 6.Bg5 e6 7.Qd2 Be7 8.O-O-O
Nxd4 9.Qxd4 a6 10.f3 b5 11.Kb1 Bb7 12.h4 Rc8 13.a3 Qc7 14.Qd2 O-O 15.Bd3 Rfd8
16.h5 Ne8 17.h6 g6 18.Bxe7 Qxe7 19.f4 Nf6 20.Rhf1 Rc5 21.Qe3 d5 22.e5 d4
23.exf6 Qc7 24.Nxb5 Rxb5 25.Qe2 Rb6 26.g4 Bd5 27.Qd2 Rdb8 28.b4 a5 29.b5 Qc5
30.a4 Qa3 31.Qxa5 Ba2+ 32.Ka1 Bb3+ 33.Kb1 Bxa4 {#R} 0-1

[Event "Cup Montenegro (team)"]
[Site "masterchessopen.com Cetinje (Montenegro)"]
[Date "2009.04.26"]
[Round "3"]
[White "Ivanovic Bozidar (MNE)"]
[Black "Todorovic Jovan (SRB)"]
[Result "0-1"]
[WhiteElo "2415"]
[BlackElo "2392"]

1.e4 c5 2.Nf3 d6 3.d4 cxd4 4.Nxd4 Nf6 5.Nc3 Nc6 6.Bg5 e6 7.Qd2 Be7 8.O-O-O O-O
9.f3 Nxd4 10.Qxd4 a6 11.Bc4 b5 12.Bb3 Qc7 13.h4 Rb8 14.Qd3 Rd8 15.g4 Bd7 16.h5
b4 17.Ne2 Bb5 18.Qd2 a5 19.Nd4 a4 20.Bd5 exd5 21.Nf5 b3 22.axb3 axb3 23.c3 Qd7
24.Qd4 {#R} 0-1

[Event "Ch Spain (team) (selecciones Autonomicas)"]
[Site "masterchessopen.com Villava (Spain)"]
[Date "2009.04.30"]
[Round "1"]
[White "Planells Roig Jose (ESP)"]
[Black "Valles Moreno Ivan (ESP)"]
[Result "0-1"]
[WhiteElo "2119"]
[BlackElo "2428"]

1.e4 c5 2.Nf3 d6 3.d4 cxd4 4.Nxd4 Nf6 5.Nc3 Nc6 6.Bg5 e6 7.Qd2 Be7 8.O-O-O Qb6
9.Nb3 O-O 10.f3 Rd8 11.Be3 Qc7 12.Qf2 d5 13.exd5 Nxd5 14.Nxd5 Rxd5 15.Rxd5
exd5 16.g4 Be6 17.Kb1 Rc8 18.a3 d4 19.Nxd4 Nxd4 20.Bxd4 Bh4 21.Qg2 Qd7 22.Be3
Qd1+ 23.Bc1 Rxc2 24.Qxc2 Ba2+ 25.Kxa2 Qxc2 26.Bh3 h6 27.f4 Qc4+ 28.Ka1 Qe2
29.Bf1 Qe4 30.Rg1 Qe1 {#R} 0-1

[Event "Ch City"]
[Site "masterchessopen.com Novokuznetsk (Russia)"]
[Date "2009.05.05"]
[Round "9"]
[White "Shirjaev Alexandr (RUS)"]
[Black "Iskusnyh Sergei (RUS)"]
[Result "0-1"]
[WhiteElo "2306"]
[BlackElo "2471"]

1.e4 c5 2.Nf3 Nc6 3.d4 cxd4 4.Nxd4 Nf6 5.Nc3 d6 6.Bg5 e6 7.Qd2 Qb6 8.Nb3 Be7
9.O-O-O O-O 10.f3 a6 11.h4 Rd8 12.Be3 Qc7 13.Qf2 Nd7 14.g4 b5 15.h5 Nce5 16.g5
b4 17.Nb1 a5 18.a4 Nc4 19.Bxc4 Qxc4 20.g6 e5 21.Rdg1 Nf8 22.gxh7+ Kh8 23.N1d2
Qc7 24.Qg2 Ne6 25.Bh6 Kxh7 26.Qg4 Ng5 {#R} 0-1

[Event "Ch Russia (juniors) (under 20) (g)"]
[Site "masterchessopen.com Dagomys (Russia)"]
[Date "2009.05.07"]
[Round "8"]
[White "Severiukhina Zoja (RUS)"]
[Black "Charochkina Daria (RUS)"]
[Result "1-0"]
[WhiteElo "2340"]
[BlackElo "2289"]

1.e4 c5 2.Nf3 d6 3.d4 cxd4 4.Nxd4 Nf6 5.Nc3 Nc6 6.Bg5 e6 7.Qd2 Be7 8.O-O-O O-O
9.f3 Nxd4 10.Qxd4 a6 11.h4 b5 12.Qd2 b4 13.Ne2 d5 14.e5 Nd7 15.f4 f6 16.Nd4
Qb6 17.exf6 Nxf6 18.Bxf6 Bxf6 19.g4 e5 20.g5 exd4 21.gxf6 Qxf6 22.Bg2 d3
23.Qxd3 Be6 24.Rhe1 Qxf4+ 25.Kb1 Bf5 26.Qxd5+ Kh8 27.Rf1 Qg4 28.Rxf5 {#r} 1-0

[Event "Ch Uruguay"]
[Site "masterchessopen.com Montevideo (Uruguay)"]
[Date "2009.05.12"]
[Round "6"]
[White "Lopez Azambuja Nicolas (URU)"]
[Black "Guerrero Alvaro (URU)"]
[Result "1-0"]
[WhiteElo "2185"]
[BlackElo "2257"]

1.e4 c5 2.Nf3 Nc6 3.d4 cxd4 4.Nxd4 Nf6 5.Nc3 d6 6.Bg5 e6 7.Qd2 Be7 8.O-O-O
Nxd4 9.Qxd4 O-O 10.f3 a6 11.h4 h6 12.Be3 Nd7 13.Kb1 b5 14.Qd2 Nb6 15.Bd3 Nc4
16.Bxc4 bxc4 17.g4 Rb8 18.Ka1 f6 19.f4 Bb7 20.g5 h5 21.g6 f5 22.Qe2 Re8
23.Qxh5 Bf6 24.e5 Bxh1 25.exf6 Qxf6 26.Bd4 e5 27.fxe5 Rxe5 28.Qh7+ Kf8 29.Qh8+
Ke7 30.Qxb8 Bf3 31.Bxe5 Qxe5 32.Qc7+ {#r} 1-0

[Event "Ch Israel (team)"]
[Site "masterchessopen.com Israel"]
[Date "2009.05.22"]
[Round "11"]
[White "Gofshtein Zvulon (ISR)"]
[Black "Karpman Vadim (UKR)"]
[Result "1-0"]
[WhiteElo "2540"]
[BlackElo "2382"]

1.e4 c5 2.Nf3 d6 3.d4 cxd4 4.Nxd4 Nf6 5.Nc3 Nc6 6.Bg5 e6 7.Qd2 Be7 8.O-O-O O-O
9.Nb3 Qb6 10.f3 Rd8 11.Qe1 a6 12.Be3 Qc7 13.g4 b5 14.g5 Nd7 15.Kb1 Nb6 16.Bd3
Rb8 17.h4 Na4 18.f4 d5 19.exd5 Nb4 20.Bd4 Nxc3+ 21.Bxc3 Nxd5 22.Ba5 Nb6 23.Qe4
g6 24.Qe3 Qd6 25.Qf2 Bf8 26.h5 Rd7 27.Bc3 Nd5 28.Be5 Qb6 29.Qh2 Ne3 30.hxg6
fxg6 31.Bd4 Ng4 32.Qh4 {#r} 1-0